Name every DreamSMP member 2022 - Statistics

General Stats
  • This quiz has been taken 107 times
    105 since last reset
  • The average score is 26 of 39
Answer Stats
Answer % Correct
Dream
99%
GeorgeNotFound
96%
Sapnap
96%
TommyInnit
96%
Wilbur Soot
91%
Tubbo
90%
Quackity
87%
Technoblade
87%
BadBoyHalo
86%
Ranboo
84%
Skeppy
84%
Nihachu
81%
Philza
80%
CaptainPuffy
75%
Fundy
72%
Karl Jacobs
72%
Awesamdude
71%
Jschlatt
68%
Hannahxxrose
67%
Jack Manifold
65%
Ponk
65%
Punz
64%
Eret
61%
Callahan
59%
Foolish Gamers
59%
Purpled
59%
Alyssa
57%
Antfrost
57%
Slimecicle
57%
Aimsey
48%
ConnorEatsPants
48%
Vikkstar
46%
HBomb
45%
LazarBeam
45%
TinaKitten
39%
Eryn
35%
BoomerNA
32%
Seapeekay
25%
Michaelmcchill
20%
No matching quizzes found
Score Distribution
Percent of People with Each Score
Percentile by Number Answered
Your Score History
You have not taken this quiz since the last reset